| 000 | 00546nam a2200193Ia 4500 | ||
|---|---|---|---|
| 005 | 20240724065706.0 | ||
| 008 | 240331s9999 xx 000 0 und d | ||
| 020 | _a0226508803 | ||
| 082 |
_a291.09 _bFUN |
||
| 245 | 0 |
_aFundamentalisms and society : _b reclaiming science the family and education |
|
| 260 |
_aChicago _bThe university of Chicago press _c1993 |
||
| 300 | _aix, 592 p ., | ||
| 650 | _aScience | ||
| 650 | _aReligion | ||
| 650 | _aFundamentalism | ||
| 700 |
_aMarty, Martin E _eedt |
||
| 700 |
_aAppleby Scott R _eedt |
||
| 942 | _cL | ||
| 999 |
_c888 _d888 |
||